000 00456nam a2200157 i 4500
001 bg
100 1 _aJędrzejewski, Jędrzej.
245 0 _aZbiór zadań z fizyki :
_bdla kandydatów na wyższe uczelnie /
_cJ. Jędrzejewski, W. Kruczek, A. Kujawski.
260 _aWarszawa,
_c1973.
700 1 _aKruczek, Witold.
700 1 _aKujawski, Adam
_d(1934-2004).
040 _cBPK
041 _apol
942 _cKS
008 s pl f |000 0 pol
999 _c7607
_d7607
856 _uhttp://koha.tu.koszalin.pl/cgi-bin/koha/opac-detail.pl?biblionumber=7607
_yKatalog online BPK